Never marry a woman with big feet : (Record no. 151879)

MARC details
000 -LEADER
fixed length control field 00625nam a22001937a 4500
005 - DATE AND TIME OF LATEST TRANSACTION
control field 20180504105652.0
010 ## - LCCN (DPL NO)
LC control number ENG-122882
020 ## - INTERNATIONAL STANDARD BOOK NUMBER
International Standard Book Number 9789386702890
Terms of availability 599.00
035 ## - SYSTEM CONTROL NUMBER
System control number EN-106414
037 ## - SOURCE OF ACQUISITION
Source of stock number/acquisition DBAD/PUB
082 ## - DEWEY DECIMAL CLASSIFICATION NUMBER
Classification number 398.9082
100 ## - MAIN ENTRY--PERSONAL NAME
Personal name Schipper, Mineke
245 ## - TITLE STATEMENT
Title Never marry a woman with big feet :
Statement of responsibility, etc by Mineke Schipper
Remainder of title women in proverbs from around the world /
260 ## - PUBLICATION, DISTRIBUTION, ETC. (IMPRINT)
Place of publication, distribution, etc New Delhi
Name of publisher, distributor, etc Speaking Tiger
Date of publication, distribution, etc 2017
270 ## - ADDRESS
Address 4381/4, Ansari Road, Daryaganj,
City New Delhi
Postal code 110002
300 ## - PHYSICAL DESCRIPTION
Extent 443p.
Dimensions 21cm(pbk)
500 ## - GENERAL NOTE
General note It include bibliography
942 ## - ADDED ENTRY ELEMENTS (KOHA)
Source of classification or shelving scheme Dewey Decimal Classification
Item type English Books
Call number suffix SCH
Classification part 398.9082
Holdings
Withdrawn status Lost status Not for loan Collection code Home library Current library Date acquired Source of acquisition Cost, normal purchase price Full call number Barcode Copy number Cost, replacement price Koha item type
      Non-fiction Patel Nagar Patel Nagar 04/05/2018 DBAD/PUB 599.00 398.9082 SCH EN-106414 1 599.00 English Books

© Delhi Public Library
Hit Counter
free hit counter